Toponym or TopoNOT? Quiz Stats

 Plays Quiz Updated Mar 23, 2020

Support Sporcle.
Go Orange.
Score 0/30 Timer 03:00
1 Play Today
Word Nym or Not? % Correct
Oscilloscope???
82.8%
Lesbian???
79%
Newfangled???
74.8%
Bikini???
74%
Upholster???
71.1%
Tarantula???
69.8%
Bayonet???
68.4%
Mocha???
67.2%
Fez???
67.1%
Neanderthal???
66.5%
Napalm???
64.7%
Yahtzee???
61.2%
Limousine???
61.2%
Spa???
59.3%
Tuxedo???
55.1%
Word Nym or Not? % Correct
Sherbet???
54.2%
Gypsy???
53.4%
Suede???
50.8%
Rugby???
50.6%
Dachshund???
49%
Gala???
45.4%
Wainscot???
44%
Zamboni???
43.6%
Seltzer???
43.1%
Cabaret???
41.9%
Pheasant???
39.3%
Jai Alai???
38.3%
Jeans???
38.3%
Magenta???
36%
Pell-Mell???
32.9%

You're not logged in!

Compare scores with friends on all Sporcle quizzes.
OR
Log In

From the Vault

Click a 'C' TV Show

by Doctor_Arzt

Perhaps you'll be crowned as TV trivia royalty if you ace this whole playlist.
Remove Ads.
Support Sporcle.
Get the best of Sporcle when you Go Orange. This ad-free experience offers more features, more stats, and more fun while also helping to support Sporcle. Thank you for becoming a member.

Show Comments

Extras

Top Quizzes Today


Score Distribution

Your Account Isn't Verified!

In order to create a playlist on Sporcle, you need to verify the email address you used during registration. Go to your Sporcle Settings to finish the process.

Report this User

Report this user for behavior that violates our Community Guidelines.

Details: